[Event "Titled Tuesday 2021.10.26"]
[Site "chess.com INT"]
[Date "2021.10.26"]
[Round "2"]
[White "Guzman Moneo, A."]
[Black "Hambleton, Aman"]
[Result "0-1"]
[WhiteElo "2196"]
[BlackElo "2454"]
[PlyCount "114"]
[EventDate "2021.10.26"]
[EventType "swiss (blitz)"]
[EventRounds "11"]
[EventCountry "NET"]
[Source "Mark Crowther"]
[SourceDate "2021.11.01"]

1. e4 b6 2. d4 Bb7 3. Nd2 e6 4. Bd3 Nf6 5. Qe2 Nc6 6. c3 e5 7. d5 Ne7 8. Nc4
Ng6 9. h4 h5 10. Bg5 Be7 11. O-O-O d6 12. Nh3 Nd7 13. g3 a6 14. Kb1 Bxg5 15.
Nxg5 Qe7 16. Ne3 Nc5 17. Nf5 Qf6 18. Bc2 Ne7 19. Rhf1 Nxf5 20. exf5 O-O-O 21.
b4 Nd7 22. Ne4 Qe7 23. c4 Kb8 24. Rd3 g6 25. fxg6 f5 26. Ng5 e4 27. Nf7 Ne5 28.
Nxe5 dxe5 29. Rc3 Qxb4+ 30. Rb3 Qd6 31. f3 exf3 32. Qxf3 Qxg6 33. Bxf5 Qd6 34.
Be4 Rdf8 35. Qe2 Rxf1+ 36. Qxf1 Ka7 37. Qg1 Rf8 38. c5 bxc5 39. Qe3 Rf1+ 40.
Kb2 Rf6 41. Rc3 Bxd5 42. Rxc5 Qb6+ 43. Kc3 Bxe4 44. Rxc7+ Bb7 45. Qxb6+ Kxb6
46. Rh7 Rf3+ 47. Kd2 Rxg3 48. Rxh5 e4 49. Ke2 Rh3 50. Kf2 e3+ 51. Ke2 Bf3+ 52.
Kd3 Bxh5 53. a4 Rxh4 54. a5+ Kxa5 55. Kxe3 Rb4 56. Kd3 Kb5 57. Kc3 a5 0-1

[Event "Titled Tuesday 2021.10.26"]
[Site "chess.com INT"]
[Date "2021.10.26"]
[Round "3"]
[White "Hambleton, Aman"]
[Black "Hasman, C."]
[Result "1/2-1/2"]
[WhiteElo "2454"]
[BlackElo "2101"]
[PlyCount "77"]
[EventDate "2021.10.26"]
[EventType "swiss (blitz)"]
[EventRounds "11"]
[EventCountry "NET"]
[Source "Mark Crowther"]
[SourceDate "2021.11.01"]

1. d4 d6 2. e4 Nf6 3. f3 Nbd7 4. c4 e5 5. Ne2 Be7 6. Nbc3 c6 7. Be3 O-O 8. Qd2
a6 9. d5 cxd5 10. cxd5 b5 11. Nd1 Nc5 12. Nf2 Bd7 13. Bxc5 dxc5 14. d6 Be6 15.
dxe7 Qxe7 16. Ng3 Rfd8 17. Qc2 c4 18. Be2 b4 19. Bxc4 Rac8 20. b3 Bxc4 21. bxc4
Rd4 22. O-O Rdxc4 23. Qa4 Qe6 24. Rad1 g6 25. Rd2 h5 26. Rfd1 Kg7 27. Rd6 Qe7
28. Qxa6 Rc1 29. Qf1 Rxd1 30. Rxd1 Rc2 31. Rb1 Qc5 32. Kh1 Qe3 33. Nd3 h4 34.
Nxe5 hxg3 35. hxg3 Qh6+ 36. Kg1 Qe3+ 37. Kh1 Qh6+ 38. Kg1 Qe3+ 39. Kh1 1/2-1/2

[Event "Titled Tuesday 2021.10.26"]
[Site "chess.com INT"]
[Date "2021.10.26"]
[Round "4"]
[White "Tasev, D."]
[Black "Hambleton, Aman"]
[Result "0-1"]
[WhiteElo "2305"]
[BlackElo "2454"]
[PlyCount "80"]
[EventDate "2021.10.26"]
[EventType "swiss (blitz)"]
[EventRounds "11"]
[EventCountry "NET"]
[Source "Mark Crowther"]
[SourceDate "2021.11.01"]

1. e4 c5 2. Nf3 e6 3. b3 d6 4. Bb2 e5 5. h3 Nf6 6. d3 Nc6 7. Nbd2 Be7 8. g3 O-O
9. Bg2 Re8 10. O-O Bf8 11. a4 d5 12. exd5 Nxd5 13. Nc4 f6 14. Re1 Be6 15. Nfd2
Qd7 16. Kh2 Rac8 17. Ne4 b6 18. Qd2 Nd4 19. Ne3 h6 20. Nxd5 Bxd5 21. f4 f5 22.
Nc3 Bxg2 23. Qxg2 exf4 24. gxf4 Bd6 25. Nd5 Qf7 26. c4 Kh7 27. Bxd4 cxd4 28.
Kh1 Re6 29. Rxe6 Qxe6 30. Rg1 Rg8 31. Qf2 Re8 32. Qg2 Bf8 33. h4 Qe2 34. Qg6+
Kh8 35. Nf6 Qf3+ 36. Rg2 Re1+ 37. Kh2 Qxf4+ 38. Rg3 Re2+ 39. Kh1 Qf1+ 40. Rg1
Qh3# 0-1

[Event "Titled Tuesday 2021.10.26"]
[Site "chess.com INT"]
[Date "2021.10.26"]
[Round "5"]
[White "Hambleton, Aman"]
[Black "Gschnitzer, Adrian"]
[Result "1-0"]
[WhiteElo "2454"]
[BlackElo "2404"]
[PlyCount "137"]
[EventDate "2021.10.26"]
[EventType "swiss (blitz)"]
[EventRounds "11"]
[EventCountry "NET"]
[Source "Mark Crowther"]
[SourceDate "2021.11.01"]

1. d4 Nf6 2. Bf4 c5 3. e3 Qb6 4. Na3 Qxb2 5. Nb5 Nd5 6. Rb1 Qxa2 7. Ra1 Qb2 8.
Rb1 Qa2 9. c4 Nxf4 10. Nc7+ Kd8 11. Nxa8 Qa5+ 12. Qd2 Qxd2+ 13. Kxd2 Ng6 14. h4
h5 15. Nf3 cxd4 16. exd4 f6 17. Bd3 Nf4 18. Be4 b6 19. g3 Ne6 20. Ra1 Nc6 21.
Bxc6 dxc6 22. Rxa7 g5 23. Nxb6 g4 24. Ra8 Bh6+ 25. Kc3 Kc7 26. Rxc8+ Rxc8 27.
Nxc8 Kxc8 28. Re1 Kd7 29. Ng1 f5 30. Ne2 f4 31. gxf4 Bg7 32. Kd3 c5 33. d5 Nf8
34. Ng3 Ng6 35. Nxh5 Bd4 36. Rg1 Bxf2 37. Rxg4 Nxh4 38. Ke2 Nf5 39. Kxf2 Nd6
40. f5 Nxf5 41. Rf4 Nd6 42. Ng3 e5 43. dxe6+ Kxe6 44. Ke3 Ke5 45. Rh4 Ke6 46.
Rh6+ Ke5 47. Rxd6 Kxd6 48. Ke4 Ke6 49. Ne2 Kd6 50. Nc1 Ke6 51. Nd3 Kd6 52. Kf5
Kc6 53. Ke5 Kb6 54. Kd5 Ka5 55. Kxc5 Ka6 56. Ne5 Kb7 57. Ng6 Kc7 58. Kd5 Kd7
59. c5 Kc7 60. c6 Kc8 61. Kd6 Kb8 62. c7+ Ka7 63. c8=Q Kb6 64. Qb8+ Ka5 65. Qb3
Ka6 66. Qb4 Ka7 67. Qb5 Ka8 68. Kc7 Ka7 69. Qa5# 1-0

[Event "Titled Tuesday 2021.10.26"]
[Site "chess.com INT"]
[Date "2021.10.26"]
[Round "9"]
[White "Hambleton, Aman"]
[Black "Aldokhin, Ivan"]
[Result "1-0"]
[WhiteElo "2454"]
[BlackElo "2413"]
[PlyCount "63"]
[EventDate "2021.10.26"]
[EventType "swiss (blitz)"]
[EventRounds "11"]
[EventCountry "NET"]
[Source "Mark Crowther"]
[SourceDate "2021.11.01"]

1. d4 Nf6 2. Bf4 g6 3. Nc3 Bg7 4. e4 d6 5. Qd2 O-O 6. O-O-O c6 7. f3 b5 8. Bh6
Nbd7 9. e5 b4 10. Bxg7 bxc3 11. Qxc3 Kxg7 12. exf6+ Nxf6 13. Bc4 Nd5 14. Qd2 a5
15. h4 h5 16. Ne2 Ba6 17. Bxa6 Rxa6 18. g4 Rh8 19. gxh5 Rxh5 20. Ng3 Rh8 21. h5
e6 22. hxg6 fxg6 23. Rxh8 Qxh8 24. Rh1 Qf8 25. Qh6+ Kf7 26. Qg5 Kg7 27. Qh6+
Kf7 28. Qg5 Qg7 29. Ne4 c5 30. dxc5 dxc5 31. Qd8 Rb6 32. Ng5# 1-0

[Event "Titled Tuesday 2021.10.26"]
[Site "chess.com INT"]
[Date "2021.10.26"]
[Round "10"]
[White "Ghazarian, Kirk"]
[Black "Hambleton, Aman"]
[Result "1-0"]
[WhiteElo "2323"]
[BlackElo "2454"]
[PlyCount "73"]
[EventDate "2021.10.26"]
[EventType "swiss (blitz)"]
[EventRounds "11"]
[EventCountry "NET"]
[Source "Mark Crowther"]
[SourceDate "2021.11.01"]

1. d4 e5 2. dxe5 Nc6 3. Nf3 Qe7 4. Bg5 Qb4+ 5. Bd2 Qxb2 6. Nc3 Bb4 7. Rb1 Qxc3
8. Bxc3 Bxc3+ 9. Nd2 Bxe5 10. e3 Nf6 11. Bd3 O-O 12. O-O d5 13. Nf3 Bd6 14. h3
b6 15. Nd4 Nxd4 16. exd4 Bd7 17. Re1 a5 18. c3 g6 19. Qf3 Kg7 20. g4 h6 21. c4
dxc4 22. Bxc4 Rad8 23. Rbd1 Ba4 24. Rd3 Bb4 25. Re5 Bd6 26. Qb7 Bc2 27. Rf3 Nh7
28. h4 Ba4 29. Qe4 Bd7 30. g5 hxg5 31. hxg5 Bxe5 32. Qxe5+ Kg8 33. Qe7 Be6 34.
Bxe6 fxe6 35. Qxe6+ Kg7 36. Qe7+ Kg8 37. Rh3 1-0

[Event "Titled Tuesday 2021.10.26"]
[Site "chess.com INT"]
[Date "2021.10.26"]
[Round "11"]
[White "Do Valle Cardoso, Lucas"]
[Black "Hambleton, Aman"]
[Result "1/2-1/2"]
[WhiteElo "2285"]
[BlackElo "2454"]
[PlyCount "131"]
[EventDate "2021.10.26"]
[EventType "swiss (blitz)"]
[EventRounds "11"]
[EventCountry "NET"]
[Source "Mark Crowther"]
[SourceDate "2021.11.01"]

1. e4 e6 2. d4 d5 3. Nc3 Bb4 4. e5 Ne7 5. a3 Bxc3+ 6. bxc3 b6 7. Qg4 Ng6 8. a4
Ba6 9. Bxa6 Nxa6 10. a5 Nb8 11. h4 h5 12. Qg3 Nc6 13. a6 Qd7 14. Ne2 Nce7 15.
Nf4 Nf5 16. Qg5 Nxf4 17. Qxf4 c5 18. Qd2 cxd4 19. cxd4 Rc8 20. c3 Rc4 21. Ba3
Ra4 22. Qd3 Qc6 23. g3 Qc4 24. Qxc4 dxc4 25. Bb2 Rxa1+ 26. Bxa1 Ne7 27. Kd2 Kd7
28. Bb2 Nd5 29. Ra1 Kc6 30. Ba3 Nc7 31. Bd6 Nd5 32. Ra4 Kb5 33. Ra1 f6 34. f4
Rg8 35. f5 exf5 36. e6 Re8 37. e7 Kc6 38. Ba3 Kd7 39. Rf1 g6 40. Re1 Nxe7 41.
Rb1 Nd5 42. Rb5 Kc6 43. Rb1 b5 44. Bc5 Nc7 45. Ra1 Ne6 46. Bxa7 Ra8 47. d5+
Kxd5 48. Be3 Nc7 49. a7 f4 50. gxf4 Kc6 51. Ra5 Nd5 52. Bd4 b4 53. cxb4 Nxb4
54. Kc3 Nd5+ 55. Kxc4 Nxf4 56. Bxf6 Kb6 57. Ra2 Ne6 58. Be5 Rxa7 59. Rxa7 Kxa7
60. Kd5 g5 61. Kxe6 gxh4 62. Kf5 h3 63. Kg5 h4 64. Bh2 Ka6 65. Kxh4 Ka7 66.
Kxh3 1/2-1/2

[Event "Titled Tuesday 2021.10.19"]
[Site "chess.com INT"]
[Date "2021.10.19"]
[Round "1"]
[White "Valle, Lu"]
[Black "Hambleton, Aman"]
[Result "1-0"]
[WhiteElo "2284"]
[BlackElo "2454"]
[PlyCount "85"]
[EventDate "2021.10.19"]
[EventType "swiss (blitz)"]
[EventRounds "11"]
[EventCountry "NET"]
[Source "Mark Crowther"]
[SourceDate "2021.10.25"]

1. e4 e6 2. d4 d5 3. Bd3 Nc6 4. c3 e5 5. exd5 Qxd5 6. Qe2 Qxg2 7. Be4 Qg4 8.
Bxc6+ bxc6 9. Qxe5+ Be6 10. Ne2 Bd6 11. Qg5 Qxg5 12. Bxg5 Ne7 13. Nd2 Nd5 14.
Ng3 f6 15. Be3 f5 16. c4 Nb4 17. c5 Bxg3 18. hxg3 Nc2+ 19. Ke2 Nxa1 20. Rxa1
Bd5 21. b3 a5 22. Kd3 a4 23. b4 a3 24. Nc4 Bxc4+ 25. Kxc4 Kd7 26. Kb3 Ke6 27.
Rh1 h6 28. Rd1 Kd5 29. Bc1 Rhe8 30. Rd2 Re4 31. Bxa3 Rxd4 32. Rxd4+ Kxd4 33.
Bb2+ Ke4 34. Bxg7 Kf3 35. Bxh6 Kxf2 36. Bf4 Kf3 37. Bxc7 Ke4 38. Bf4 Kd5 39. a4
Re8 40. a5 Re1 41. Kc3 Ra1 42. Kb3 Rf1 43. Bb8 1-0

[Event "Titled Tuesday 2021.10.19"]
[Site "chess.com INT"]
[Date "2021.10.19"]
[Round "2"]
[White "Hambleton, Aman"]
[Black "Belenkaya, Dina"]
[Result "1-0"]
[WhiteElo "2454"]
[BlackElo "2277"]
[PlyCount "134"]
[EventDate "2021.10.19"]
[EventType "swiss (blitz)"]
[EventRounds "11"]
[EventCountry "NET"]
[Source "Mark Crowther"]
[SourceDate "2021.10.25"]

1. d4 d5 2. Bf4 Nf6 3. e3 c5 4. c3 Nc6 5. Nd2 Qb6 6. Qb3 c4 7. Qc2 e5 8. dxe5
Nh5 9. Bg3 Nxg3 10. hxg3 Nxe5 11. Ngf3 Bd6 12. Nxe5 Bxe5 13. O-O-O Be6 14. Nf3
Bf6 15. Rxh7 O-O-O 16. Rxh8 Rxh8 17. Be2 g6 18. Nd4 Rh6 19. Bf3 Qa5 20. a3 Bxd4
21. exd4 Bf5 22. Qd2 Rh2 23. g4 Bd3 24. Qf4 Qa4 25. Qd2 Rh4 26. Be2 Bxe2 27.
Qxe2 Qd7 28. f3 Qe6 29. Qxe6+ fxe6 30. Re1 Kd7 31. Kd2 Rh2 32. Re2 Rh1 33. Ke3
g5 34. f4 gxf4+ 35. Kxf4 Rf1+ 36. Kg5 Ke7 37. Kg6 Rf6+ 38. Kh5 Rf1 39. g5 Kf7
40. Kg4 Rh1 41. Rf2+ Kg7 42. Re2 Kf7 43. Rf2+ Kg7 44. g3 Re1 45. Kf3 Re4 46.
Re2 Rxe2 47. Kxe2 Kg6 48. Kf3 Kxg5 49. g4 b5 50. Kg3 Kg6 51. Kf4 Kf6 52. g5+
Kg6 53. Ke5 Kxg5 54. Kxe6 Kf4 55. Kxd5 Kf5 56. Kc5 Ke4 57. Kxb5 Kd3 58. a4 Kc2
59. Kxc4 Kxb2 60. a5 Ka3 61. Kb5 Kb3 62. Ka6 Kxc3 63. d5 Kd4 64. d6 Kc5 65. d7
Kc6 66. d8=Q Kc5 67. Qc7+ Kb4 1-0

[Event "Titled Tuesday 2021.10.19"]
[Site "chess.com INT"]
[Date "2021.10.19"]
[Round "3"]
[White "Spitzl, Vinzent"]
[Black "Hambleton, Aman"]
[Result "0-1"]
[WhiteElo "2329"]
[BlackElo "2454"]
[PlyCount "78"]
[EventDate "2021.10.19"]
[EventType "swiss (blitz)"]
[EventRounds "11"]
[EventCountry "NET"]
[Source "Mark Crowther"]
[SourceDate "2021.10.25"]

1. e4 e5 2. Nf3 Nc6 3. Bc4 Bc5 4. c3 Nf6 5. d4 exd4 6. cxd4 Bb4+ 7. Nc3 d5 8.
exd5 Nxd5 9. O-O Bxc3 10. bxc3 O-O 11. Qc2 Bg4 12. Ne5 Nxe5 13. dxe5 Be6 14.
Ba3 Re8 15. Rad1 c6 16. Bb3 Qg5 17. Qe4 Nxc3 18. Qb4 Nxd1 19. Bxd1 Qxe5 20.
Qxb7 Bc4 21. Bb3 Rab8 22. Qxb8 Rxb8 23. Bxc4 Qc3 24. Bb3 Rxb3 25. axb3 Qxb3 26.
Bc5 a5 27. Re1 h6 28. Be3 a4 29. h3 a3 30. Bd4 a2 31. Ra1 Qd5 32. Bc3 Qc4 33.
Bb2 Qb3 34. Be5 c5 35. Kh2 f6 36. Bxf6 gxf6 37. Rb1 axb1=Q 38. g3 Qf3 39. h4
Qbh1# 0-1

[Event "Titled Tuesday 2021.10.19"]
[Site "chess.com INT"]
[Date "2021.10.19"]
[Round "4"]
[White "Hasman, C."]
[Black "Hambleton, Aman"]
[Result "0-1"]
[WhiteElo "2101"]
[BlackElo "2454"]
[PlyCount "92"]
[EventDate "2021.10.19"]
[EventType "swiss (blitz)"]
[EventRounds "11"]
[EventCountry "NET"]
[Source "Mark Crowther"]
[SourceDate "2021.10.25"]

1. d4 Nf6 2. c4 e6 3. Bg5 c5 4. d5 h6 5. Bf4 exd5 6. cxd5 Ne4 7. f3 Bd6 8. Bxd6
Nxd6 9. Nc3 O-O 10. e4 Re8 11. g4 b5 12. Bg2 Qh4+ 13. Kf1 b4 14. Nce2 Ba6 15.
Qe1 Qf6 16. b3 Nxe4 17. Rc1 Nc3 18. Rc2 d6 19. Kf2 Nd7 20. h4 Ne5 21. Kg3 Nd3
22. Qd2 Nxe2+ 23. Nxe2 Qe5+ 24. f4 Qe3+ 25. Qxe3 Rxe3+ 26. Kh2 Rae8 27. Ng3
Nxf4 28. g5 Nxg2 29. Kxg2 hxg5 30. hxg5 g6 31. Rf2 Bb7 32. Rd1 R3e5 33. Rfd2
Rxg5 34. Kh3 Ree5 35. Nf1 Rxd5 36. Rxd5 Rxd5 37. Rxd5 Bxd5 38. Ne3 Be6+ 39. Kg3
Kf8 40. Kf4 Ke7 41. Nc2 a5 42. Ke3 Kd7 43. Kd3 Kc6 44. Ne3 Kb5 45. Nc2 a4 46.
bxa4+ Kxa4 0-1

[Event "Titled Tuesday 2021.10.19"]
[Site "chess.com INT"]
[Date "2021.10.19"]
[Round "5"]
[White "Hambleton, Aman"]
[Black "Kovacs, Klara"]
[Result "1-0"]
[WhiteElo "2454"]
[BlackElo "2197"]
[PlyCount "147"]
[EventDate "2021.10.19"]
[EventType "swiss (blitz)"]
[EventRounds "11"]
[EventCountry "NET"]
[Source "Mark Crowther"]
[SourceDate "2021.10.25"]

1. d4 e6 2. Bf4 Nf6 3. e3 c5 4. c3 b6 5. Nf3 Bb7 6. Nbd2 Be7 7. h3 O-O 8. Bd3
cxd4 9. exd4 d6 10. O-O Nbd7 11. Bh2 a6 12. a4 Re8 13. Re1 Qc7 14. Qe2 Bf8 15.
Nc4 Bd5 16. Ne3 Bb7 17. Nd2 e5 18. dxe5 dxe5 19. Bc4 Qc6 20. Nf3 Bc5 21. Bb3
Bxe3 22. Qxe3 Nc5 23. Bc2 e4 24. Nd4 Qd5 25. Qd2 Nd3 26. Bxd3 exd3 27. f3 Qc4
28. b3 Qd5 29. Qxd3 Rac8 30. Rxe8+ Rxe8 31. Bg3 Qg5 32. Bf2 Nh5 33. Ne2 g6 34.
Rd1 Rxe2 35. Qxe2 Nf4 36. Qe8+ Kg7 37. Bd4+ Kh6 38. Qf8+ Kh5 39. g4+ Kh4 40.
Bf2+ Kxh3 41. Rd2 Bxf3 42. Be3 Qxg4+ 43. Kf1 Bg2+ 44. Ke1 Qg3+ 45. Bf2 Nd3+ 46.
Rxd3 Qxd3 47. Qh6+ Kg4 48. Qh4+ Kf5 49. Qd4 Qb1+ 50. Kd2 Qb2+ 51. Ke1 Qb1+ 52.
Kd2 Qb2+ 53. Ke3 Bf1 54. Qf4+ Ke6 55. Qe4+ Kd7 56. Qd5+ Ke7 57. Bh4+ f6 58.
Qe5+ Kd7 59. Qd5+ Ke7 60. Qe5+ Kd7 61. Bxf6 Qe2+ 62. Kf4 Qxe5+ 63. Kxe5 Bd3 64.
Kd4 Bc2 65. b4 Bxa4 66. c4 Bb3 67. Bg5 a5 68. Kc3 a4 69. b5 Ke6 70. Be3 h5 71.
Bxb6 g5 72. Be3 g4 73. c5 Kd5 74. c6 1-0

[Event "Titled Tuesday 2021.10.19"]
[Site "chess.com INT"]
[Date "2021.10.19"]
[Round "7"]
[White "Hambleton, Aman"]
[Black "Vovk, Or"]
[Result "1-0"]
[WhiteElo "2454"]
[BlackElo "2315"]
[PlyCount "55"]
[EventDate "2021.10.19"]
[EventType "swiss (blitz)"]
[EventRounds "11"]
[EventCountry "NET"]
[Source "Mark Crowther"]
[SourceDate "2021.10.25"]

1. d4 e5 2. dxe5 Nc6 3. Nc3 Qe7 4. e4 Nxe5 5. f4 Nc6 6. Nf3 Nf6 7. Bd3 d5 8. e5
d4 9. Ne2 Nd5 10. Nexd4 Bg4 11. Nxc6 bxc6 12. h3 Bxf3 13. Qxf3 Qb4+ 14. c3 Qb6
15. Bd2 Rd8 16. b4 Be7 17. Qe4 g6 18. h4 f5 19. Qf3 c5 20. b5 h5 21. Bc4 c6 22.
bxc6 Qb2 23. Rd1 Nc7 24. Qe3 Kf8 25. g3 Kg7 26. Ke2 Nd5 27. Qf3 Nc7 28. Rhe1
1-0

[Event "Titled Tuesday 2021.10.19"]
[Site "chess.com INT"]
[Date "2021.10.19"]
[Round "9"]
[White "Tomb, M."]
[Black "Hambleton, Aman"]
[Result "0-1"]
[WhiteElo "2084"]
[BlackElo "2454"]
[PlyCount "126"]
[EventDate "2021.10.19"]
[EventType "swiss (blitz)"]
[EventRounds "11"]
[EventCountry "NET"]
[Source "Mark Crowther"]
[SourceDate "2021.10.25"]

1. e4 b6 2. d4 Bb7 3. Bd3 e6 4. Nf3 d5 5. exd5 Qxd5 6. Nc3 Bb4 7. Qe2 Nf6 8.
Bd2 Bxc3 9. bxc3 Nbd7 10. O-O O-O 11. a4 Qh5 12. Ng5 Qxe2 13. Bxe2 h6 14. Nf3
a5 15. Bf4 Nd5 16. Bd2 N5f6 17. Bf4 Rfc8 18. Bb5 c6 19. Bd3 c5 20. Ne5 Nxe5 21.
Bxe5 c4 22. Be2 Nd5 23. Bf3 f6 24. Bg3 Ra7 25. Bxd5 Bxd5 26. Rfb1 Rb7 27. Rb2
Ra8 28. f3 Kf7 29. Kf2 Ke8 30. Rab1 Ra6 31. Bd6 Bc6 32. Ra1 Kd7 33. Bf4 g5 34.
Bg3 Bd5 35. Ke3 Bc6 36. h3 Ra8 37. Bh2 b5 38. Rab1 b4 39. cxb4 c3 40. Rb3 Bxa4
41. Rxc3 axb4 42. Rc4 b3 43. cxb3 Bxb3 44. Rc3 Ra3 45. Rb2 Rb5 46. Bg3 h5 47.
h4 gxh4 48. Bxh4 Ke7 49. Be1 Kf7 50. Kd2 Kg6 51. Bg3 Kf5 52. Bd6 Ra2 53. Kc1
Rxb2 54. Kxb2 Bd5+ 55. Kc1 Ra5 56. Rc2 Ra1+ 57. Kd2 Rg1 58. Ke3 h4 59. Kf2 Rd1
60. Re2 Rxd4 61. Bc5 Rd3 62. Be3 e5 63. Bc5 h3 0-1

[Event "Titled Tuesday 2021.08.17"]
[Site "chess.com INT"]
[Date "2021.08.17"]
[Round "3"]
[White "Hambleton, Aman"]
[Black "Dejmek, Mark"]
[Result "1-0"]
[WhiteElo "2454"]
[BlackElo "2018"]
[PlyCount "61"]
[EventDate "2021.08.17"]
[EventType "swiss (blitz)"]
[EventRounds "11"]
[EventCountry "NET"]
[Source "Mark Crowther"]
[SourceDate "2021.08.23"]

1. e4 e5 2. Nf3 Nc6 3. Bc4 Bc5 4. Bxf7+ Kxf7 5. Nxe5+ Nxe5 6. Qh5+ Kf8 7. Qxe5
d6 8. Qg3 Nf6 9. Nc3 Qe7 10. d3 Bb4 11. Bd2 Be6 12. a3 Bxc3 13. Bxc3 d5 14.
O-O-O c5 15. f4 d4 16. Bd2 Bf7 17. f5 a5 18. Rde1 b5 19. e5 Nh5 20. Qf3 Rc8 21.
e6 Be8 22. g4 c4 23. Bxa5 Kg8 24. gxh5 c3 25. Rhg1 cxb2+ 26. Kxb2 Qc5 27. Re2
b4 28. Bxb4 Qb5 29. h6 g6 30. f6 Bc6 31. f7# 1-0

[Event "Titled Tuesday 2021.06.08"]
[Site "chess.com INT"]
[Date "2021.06.08"]
[Round "2"]
[White "Hambleton, Aman"]
[Black "Odinaev, T."]
[Result "1-0"]
[WhiteElo "2454"]
[BlackElo "2302"]
[PlyCount "181"]
[EventDate "2021.06.08"]
[EventType "swiss (blitz)"]
[EventRounds "11"]
[EventCountry "NET"]
[Source "Mark Crowther"]
[SourceDate "2021.06.14"]

1. d4 Nf6 2. c4 c5 3. d5 e6 4. Nc3 exd5 5. cxd5 d6 6. e4 g6 7. Bd3 Bg7 8. h3 a6
9. a4 Nbd7 10. Nf3 Nh5 11. Be2 O-O 12. O-O Qc7 13. Re1 Re8 14. Be3 Rb8 15. Qc2
Qd8 16. Bg5 Bf6 17. Bh6 Bg7 18. Qd2 Qe7 19. Rad1 Ne5 20. Nxe5 Qxe5 21. Bxh5
Qxh5 22. Bxg7 Kxg7 23. f4 b5 24. axb5 axb5 25. b4 cxb4 26. Qd4+ Kg8 27. Qxb4
Bxh3 28. gxh3 Qxh3 29. Re2 Rbc8 30. Nb1 Qg4+ 31. Kf1 Qxf4+ 32. Rf2 Qg4 33. Re1
Rc4 34. Qxb5 Rcxe4 35. Qxe8+ Rxe8 36. Rxe8+ Kg7 37. Re1 Qc4+ 38. Kg1 Qxd5 39.
Nd2 Qg5+ 40. Rg2 Qc5+ 41. Rf2 d5 42. Nf3 d4 43. Rd1 h6 44. Rxd4 g5 45. Kg2 Qc6
46. Kg1 f6 47. Rd1 Kg6 48. Ne1 Qa4 49. Rdd2 Qg4+ 50. Ng2 Qe4 51. Rd6 Qb1+ 52.
Kh2 Qa1 53. Re2 Qa5 54. Ree6 Qa1 55. Ne3 Qb2+ 56. Kg3 h5 57. Nd5 h4+ 58. Kf3
Qb3+ 59. Kf2 Qc2+ 60. Ke3 Qc1+ 61. Kd4 Qb2+ 62. Kc5 Qa3+ 63. Kc6 Qa6+ 64. Kc7
Qa7+ 65. Kd8 Qb8+ 66. Ke7 Qa7+ 67. Rd7 Qa3+ 68. Ke8 Qa8+ 69. Rd8 Qa4+ 70. Ke7
Qa3+ 71. Red6 h3 72. Nxf6 h2 73. Ng4+ Kf5 74. Nxh2 Qe3+ 75. Kf7 Qb3+ 76. Kf8
Qb4 77. Kg8 g4 78. Rf8+ Kg5 79. Rdf6 Kh4 80. Rh6+ Kg3 81. Nxg4 Qc4+ 82. Kh7
Kxg4 83. Rg6+ Kh4 84. Rh6+ Kg4 85. Rg6+ Kh4 86. Rh8 Qf7+ 87. Rg7 Qf5+ 88. Kg8+
Qh5 89. Rxh5+ Kxh5 90. Kf7 Kh6 91. Kf6 1-0

[Event "Titled Tuesday 2021.06.08"]
[Site "chess.com INT"]
[Date "2021.06.08"]
[Round "3"]
[White "Lauridsen, JM."]
[Black "Hambleton, Aman"]
[Result "0-1"]
[WhiteElo "2215"]
[BlackElo "2454"]
[PlyCount "84"]
[EventDate "2021.06.08"]
[EventType "swiss (blitz)"]
[EventRounds "11"]
[EventCountry "NET"]
[Source "Mark Crowther"]
[SourceDate "2021.06.14"]

1. e4 e6 2. d4 d5 3. exd5 exd5 4. Nf3 Bd6 5. c4 dxc4 6. Bxc4 Nf6 7. O-O O-O 8.
h3 h6 9. Nc3 a6 10. Re1 Nc6 11. Be3 Bf5 12. Nh4 Bh7 13. Qf3 Nb4 14. Nf5 Nc2 15.
Nxh6+ gxh6 16. Bxh6 Nxe1 17. Rxe1 Bg6 18. Bg5 Re8 19. Rxe8+ Qxe8 20. Qxf6 Qe1+
21. Bf1 Bd3 22. Bf4 Qxf1+ 23. Kh2 Bxf4+ 24. Qxf4 c6 25. Qg5+ Bg6 26. Ne4 Qe2
27. Nf6+ Kg7 28. f4 Qe6 29. Nh5+ Kg8 30. Nf6+ Kg7 31. Nh5+ Kg8 32. Nf6+ Kf8 33.
g4 Qe2+ 34. Kg3 Qe1+ 35. Kh2 Qd2+ 36. Kg3 Qe3+ 37. Kh2 Qxd4 38. Qh6+ Ke7 39.
Nh5 Qxb2+ 40. Kg3 Qc3+ 41. Kh4 Qe1+ 42. Kg5 Qa5+ 0-1

[Event "Titled Tuesday 2021.06.08"]
[Site "chess.com INT"]
[Date "2021.06.08"]
[Round "4"]
[White "Yilmaz, M."]
[Black "Hambleton, Aman"]
[Result "1-0"]
[WhiteElo "2630"]
[BlackElo "2454"]
[PlyCount "125"]
[EventDate "2021.06.08"]
[EventType "swiss (blitz)"]
[EventRounds "11"]
[EventCountry "NET"]
[Source "Mark Crowther"]
[SourceDate "2021.06.14"]

1. d4 Nf6 2. c4 e6 3. Nf3 b6 4. g3 Ba6 5. Nbd2 Bb4 6. Qb3 Nc6 7. Bg2 Bb7 8. O-O
Bxd2 9. Bxd2 O-O 10. Qc2 Ne7 11. b4 d6 12. a4 Be4 13. Qb3 h6 14. Rfc1 Nf5 15.
Bc3 Re8 16. Bh3 Bxf3 17. exf3 d5 18. c5 bxc5 19. dxc5 d4 20. Rd1 Qd5 21. Qxd5
Nxd5 22. Bxd4 Nxb4 23. Bc3 Nc6 24. Rd7 Rac8 25. Rb1 Red8 26. Rxd8+ Nxd8 27. Bf1
Nc6 28. Rb7 Nfe7 29. Ba6 Nd5 30. Bd2 Rb8 31. Rb5 Rd8 32. Kg2 Kf8 33. Bb7 Nde7
34. Bf4 Rd7 35. Ba8 f6 36. Bb7 e5 37. Bc1 Nd4 38. Rb2 Nec6 39. Be3 Rd8 40. Ba6
Ke7 41. f4 Kd7 42. fxe5 fxe5 43. Rd2 Ke7 44. Rb2 Ne6 45. Bc4 Rb8 46. Rxb8 Nxb8
47. Kf3 Nc6 48. Ke4 Kd7 49. Bb5 Ned8 50. Kd5 a6 51. Be2 Ne6 52. Bg4 Ncd8 53.
Kxe5 Ke7 54. h4 Nc6+ 55. Ke4 Nb4 56. Bd2 Nc6 57. Kd5 Ncd8 58. c6 Nf8 59. Bb4+
Kf7 60. h5 Nh7 61. Bf3 Nf6+ 62. Ke5 Ne8 63. Bd5+ 1-0

[Event "Titled Tuesday 2021.06.08"]
[Site "chess.com INT"]
[Date "2021.06.08"]
[Round "6"]
[White "Hambleton, Aman"]
[Black "Dordzhieva, Dinara"]
[Result "0-1"]
[WhiteElo "2454"]
[BlackElo "2311"]
[PlyCount "178"]
[EventDate "2021.06.08"]
[EventType "swiss (blitz)"]
[EventRounds "11"]
[EventCountry "NET"]
[Source "Mark Crowther"]
[SourceDate "2021.06.14"]

1. d4 Nf6 2. c4 e6 3. Nc3 Bb4 4. Qc2 O-O 5. Nf3 d5 6. cxd5 exd5 7. Bg5 h6 8.
Bh4 c5 9. e3 Nc6 10. Be2 cxd4 11. exd4 Bg4 12. Rd1 Bxf3 13. Bxf3 Re8+ 14. Kf1
g5 15. Bg3 Bxc3 16. bxc3 Ne4 17. h4 Qf6 18. hxg5 hxg5 19. Bxe4 Rxe4 20. Rh5
Rae8 21. Qd2 g4 22. Rh6 Qg7 23. Rh4 Kf8 24. Kg1 Ne7 25. Rh5 Qg6 26. Re5 Nf5 27.
Rxe8+ Rxe8 28. c4 Nxg3 29. fxg3 dxc4 30. Qb4+ Kg8 31. Qxc4 Qe4 32. Qd3 Qxd3 33.
Rxd3 Kg7 34. Kf2 Kf6 35. d5 Rd8 36. Rd4 Ke5 37. Rxg4 Kxd5 38. Rf4 Ke6 39. Ke3
Rd1 40. a4 Ra1 41. g4 a6 42. Kf3 Ra3+ 43. Kf2 Ra2+ 44. Kf3 Ra3+ 45. Kf2 b5 46.
axb5 axb5 47. Rb4 Ra4 48. Rxb5 Rxg4 49. Kf3 Ra4 50. Rb6+ Kf5 51. Rb3 Rc4 52.
Rb5+ Kg6 53. g3 Rc3+ 54. Kg4 Rc4+ 55. Kh3 Rc3 56. Rb4 Ra3 57. Kh4 Rc3 58. Rb6+
f6 59. g4 Rc4 60. Ra6 Rb4 61. Ra3 Rc4 62. Kg3 Rb4 63. Rc3 Ra4 64. Kf3 Rb4 65.
Rc5 Rb3+ 66. Kf4 Rb4+ 67. Kg3 Rb3+ 68. Kh4 Rb4 69. Rc8 Ra4 70. Rg8+ Kf7 71. Rh8
Kg6 72. Rh5 Rb4 73. Rf5 Ra4 74. Rb5 Rc4 75. Rb6 Ra4 76. Rb8 Rc4 77. Rg8+ Kf7
78. Ra8 f5 79. Ra7+ Ke6 80. Ra6+ Kf7 81. Ra7+ Ke6 82. Ra6+ Kf7 83. Kg5 Rxg4+
84. Kxf5 Rc4 85. Ra7+ Ke8 86. Ke6 Rc6+ 87. Kd5 Rh6 88. Ke5 Kd8 89. Rg7 Kc8 0-1